Statystyki dla Pomarańczowe i żółte owoce i warzywa

Kliknij tutaj aby rozwiązać quiz!

Ogólne statystyki

  • Ten quiz został rozwiązany 456 razy
    (442 od ostatniego zresetowania)
  • Średni wynik to 15 z 32

Statystyki odpowiedzi

HintOdpowiedź% Poprawnych
Jest też czerwona, zielona...Papryka
89%
Pomarańcza
89%
Może mieć inny kolorMelon
81%
Mandarynka
80%
Cytryna
78%
Jest też czerwone i zieloneJabłko
74%
Banan
72%
Marchewka
69%
Jest też czerwony, zielony...Pomidor
65%
Jest też czerwona i zielonaGruszka
62%
Ziemniak
60%
Brzoskwinia
58%
Dynia
54%
Mango
51%
Nektarynka
51%
Ananas
49%
Morela
49%
Może mieć inny kolorPomelo
46%
ŚmierdziDurian
39%
Wilec ziemniaczanyBatat
38%
PersymonaKaki
38%
MelonowiecPapaja
38%
Kukurydza
34%
Pomarańcza + mandarynkaKlementynka
24%
Owoc gwiaździsty, oskomamKarambol
23%
U nas spotykane suszone, są wtedy brązowo-czerwoneDaktyle
22%
Może być też zielonaFasolka szparagowa
20%
Robert aktorPatison
18%
Kumkwat
16%
Wiśnia peruwiańskaMiechunka
14%
Karpiel, kwakiBrukiew
11%
Rokitnik
7%

Rozkład punktacji

Percentyl według liczby udzielonych odpowiedzi

Procent ludzi z każdym wynikiem

Twoja historia wyników

Nie rozwiązałeś tego quizu od ostatniego zresetowania